000 00296nam a2200133Ia 4500
008 231129s1962||||xx |||||||||||||| ||spa||
040 _bspa
082 _aE863.64 N677p
100 _aNieto Ramon
245 0 _aLa patria y el pan
260 _c1962
264 _aSeix Barral
942 _2ddc
_cBKS
999 _c17881
_d17881